| 000 | 00530cam a2200217 4500 | ||
|---|---|---|---|
| 001 | J85593 | ||
| 008 | 090401t1997 xxu||||| |||| 00| 0 eng d | ||
| 035 | _a(Sirsi) u80014 | ||
| 041 | _aeng | ||
| 050 | _a333.337 | ||
| 110 |
_aSavills _92020 |
||
| 245 | _aRetail warehouse quarterly report. - June 1997 | ||
| 260 |
_aLondon _bSavills _c1997 |
||
| 300 | _a1 pt. ; 30cm. | ||
| 350 | _a0 | ||
| 650 | _aHOMEBASE | ||
| 650 | _aRETAIL WAREHOUSES | ||
| 690 | _aPROPERTY-COMMERCIAL PROPERTY | ||
| 942 | _n0 | ||
| 948 | _c30/07/1997 | ||
| 999 |
_c96582 _d96582 |
||